000 00599nam a2200181 a 4500
005 20240907063649.0
008 991125s1970 ea 000 0 eng u
035 _aUPN01000031469
049 _aCG
050 4 _aLA633
_bB3.3
100 1 _aBassett, G. W.
245 1 0 _aInnovation in primary education :
_ba estudy of recent developments in primary education in England and the U.S.A. /
_cG. W. Bassett.
260 _aLondon :
_bJ. Wiley,
_c1970.
300 _a209 p.
650 4 _aEDUCACION PRIMARIA -
_zGRAN BRETAÑA
_96144
650 0 _aEducación primaria
_zEstados Unidos
_918493
905 _aLibro
999 _c31469
_d31469